Problems and adjustment of retired people of Ujjain district : With special reference to Ujjain City (Record no. 18469)

MARC details
000 -LEADER
fixed length control field 00472nam a2200145Ia 4500
082 ## - DEWEY DECIMAL CLASSIFICATION NUMBER
Classification number TM.0094
100 ## - MAIN ENTRY--AUTHOR NAME
Personal name Manawat, Anjana
245 #0 - TITLE STATEMENT
Title Problems and adjustment of retired people of Ujjain district : With special reference to Ujjain City
260 ## - PUBLICATION, DISTRIBUTION, ETC. (IMPRINT)
Year of publication 1981
Name of publisher Vikram University
300 ## - PHYSICAL DESCRIPTION
Number of Pages 342p. + C D - 41
650 ## - SUBJECT ADDED ENTRY--TOPICAL TERM
Topical Term UJJAIN - OFFICIALS AND EMPLOYEES, RETIRED - PSYCHOLOGY
650 ## - SUBJECT ADDED ENTRY--TOPICAL TERM
Topical Term RETIREES - RAJASTHAN - UJJAIN
710 ## - ADDED ENTRY--CORPORATE NAME
Corporate name or jurisdiction name as entry element Deo, Kumudini
942 ## - ADDED ENTRY ELEMENTS (KOHA)
Koha item type Thesis
Source of classification or shelving scheme Dewey Decimal Classification
Holdings
Withdrawn status Lost status Damaged status Not for loan Home library Current library Date acquired Bill Date Full call number Accession Number Price effective from Koha item type
        NASSDOC Library NASSDOC Library 08/10/2004 2004-10-22 TM.0094 18824 18/04/2019 Thesis